|
|
|
|
| LEADER |
00886nam\a2200241\a\4500 |
| 001 |
13933935 |
| 008 |
101101s2005 nyua b 001 0 eng d |
| 010 |
|
|
|a 2005045579
|
| 020 |
|
|
|a 007145506X
|
| 040 |
|
|
|a DLC
|c DLC
|d DLC
|d BD-DhAAL
|
| 082 |
0 |
0 |
|a 004.6/8
|2 22
|
| 999 |
|
|
|c 10016
|d 10016
|
| 999 |
|
|
|c 10016
|
| 100 |
1 |
|
|a Beck, Michael,
|d 1976-
|9 873
|
| 245 |
1 |
0 |
|a Ethernet in the first mile :
|b the IEEE 802.3ah EFM standard /
|c Michael Beck.
|
| 260 |
|
|
|a New York :
|b McGraw-Hill,
|c 2005.
|
| 300 |
|
|
|a xv, 270 p. :
|b ill. ;
|c 23 cm.
|
| 504 |
|
|
|a Includes bibliographical references and index.
|
| 541 |
|
|
|e 00017519
|
| 650 |
|
0 |
|a Ethernet (Local area network system)
|9 874
|
| 852 |
4 |
|
|a Ayesha Abed Library
|j General shelf
|
| 942 |
|
|
|2 ddc
|c BK
|
| 952 |
|
|
|0 0
|1 0
|2 ddc
|4 0
|6 004_680000000000000_BEC_2005
|7 0
|9 13013
|a BRACUL
|b BRACUL
|c GEN
|d 2010-11-02
|l 0
|o 004.68 BEC
|p 3010017519
|r 2014-08-27
|t 1
|w 2010-11-02
|y BK
|